000 00450nam a2200181Ia 4500
001 15728
005 20260306170217.0
008 260306t2005||||xx |||||||||||||| ||und||
041 _aESP
082 _a601
_bQ49
100 _aQuintanilla, Miguel Ángel
_eAUT
245 0 _aFilosofía de la tecnología :
_b5 lecciones
260 _c2005
300 _axvi, 392 páginas :
_c21 cm.
650 _aGEN
654 _aCCN
942 _cLIB
_dJUS
_fJUS
_2ddc
_n
999 _c15728
_d15728